BIBLIOTECA PODER JUDICIAL
Portal Judicial TDF

La historia clínica tradicional (HC manuscrita) / (Registro nro. 5508)

000 -LEADER
fixed length control field 01408nab a22002417a 4500
003 - CONTROL NUMBER IDENTIFIER
control field OSt
005 - DATE AND TIME OF LATEST TRANSACTION
control field 20251210104419.0
008 - FIXED-LENGTH DATA ELEMENTS--GENERAL INFORMATION
fixed length control field 190604e xxu||||| |||| 00| 0 spa d
040 ## - CATALOGING SOURCE
Transcribing agency PJ
100 ## - MAIN ENTRY--PERSONAL NAME
9 (RLIN) 6435
Personal name Garay, Oscar Ernesto
245 13 - TITLE STATEMENT
Title La historia clínica tradicional (HC manuscrita) /
Statement of responsibility, etc Oscar Ernesto Garay.
260 ## - PUBLICATION, DISTRIBUTION, ETC. (IMPRINT)
Place of publication, distribution, etc Ciudad Autónoma de Buenos Aires :
Name of publisher, distributor, etc Thomson Reuters La Ley,
Date of publication, distribution, etc 2025.
300 ## - PHYSICAL DESCRIPTION
Extent p. 5-12
500 ## - GENERAL NOTE
General note Cita Online: TR LALEY AR/DOC/1928/2025.<br/>
505 ## - FORMATTED CONTENTS NOTE
Formatted contents note Sumario: I. La historia clínica (tradicional o manuscrita —en soporte papel—).— II. Historia clínica y ética médica.— III. La regulación de la historia clínica en la ley 26.529.— IV. Historia clínica. Definición.— V. Contenido.— VI. Historia clínica. Características.— VII. Titular de la historia clínica.— VIII. Requerimiento de copia de la HC por el titular. Autorizados.— IX. Copia de resguardo .— X. Habeas data.— XI. Soporte de la historia clínica.
505 ## - FORMATTED CONTENTS NOTE
Title ¿Te interesa el texto completo? Solicitalo al correo: koha@justierradelfuego.gov.ar
650 #0 - SUBJECT ADDED ENTRY--TOPICAL TERM
9 (RLIN) 352
Topical term or geographic name as entry element DERECHO CIVIL
650 #0 - SUBJECT ADDED ENTRY--TOPICAL TERM
9 (RLIN) 5407
Topical term or geographic name as entry element HISTORIA CLÍNICA
650 #0 - SUBJECT ADDED ENTRY--TOPICAL TERM
9 (RLIN) 1467
Topical term or geographic name as entry element RESPONSABILIDAD CIVIL
650 #0 - SUBJECT ADDED ENTRY--TOPICAL TERM
9 (RLIN) 252
Topical term or geographic name as entry element ÉTICA
773 0# - HOST ITEM ENTRY
Host Biblionumber 2714
Host Itemnumber 3171
Place, publisher, and date of publication Ciudad Autónoma de Buenos Aires : Thomson Reuters La Ley, 2014-
Title Revista anales de legislación argentina. Nº 9 - Septiembre 2025.
942 ## - ADDED ENTRY ELEMENTS (KOHA)
Source of classification or shelving scheme
Koha item type Analítica Artículo de Revista

No hay ítems disponibles.

12 de Octubre 789 Ushuaia - Tel:  54(02901)441571
Horario de Atención: 8.00 a 17.00 hs. 
bibliotecaush@justierradelfuego.gov.ar
koha@justierradelfuego.gov.ar
Seguinos en nuestras redes @bibliojustdf 

Con tecnología Koha